|
|
|
|
| LEADER |
01707nam a2200409 4500 |
| 001 |
000012721 |
| 005 |
20171204103727.0 |
| 008 |
171204s1818 xo e lat |
| FMT |
|
|
|
| 040 |
|
|
|a SVKKK
|b slo
|c SVKKK
|e AACR2
|
| 041 |
0 |
|
|a lat
|
| 044 |
|
|
|a xo
|c SK
|
| 080 |
|
|
|a 284
|
| 080 |
|
|
|a 027
|
| 100 |
1 |
|
|a Feješ, Ján,
|d 1764-1823
|4 aut
|
| 245 |
1 |
0 |
|a De Meritis,
|b quae Bibliothecae, in Reformationem contulerunt, Et haec vicissim, illis reddidit, redditque. Die 13tia Septembris 1817. Bibliothecae publ. Kishonth. Solemnits IXnis, Reformationis vero Jubilaeo Illtio: In Alsó Szkálnok disseruit, Et, quae dixit Nicolao Okolitsányi de Eadem Senioratus Evang. Carpathici Inspectori Ne amoris honorisque Monumentum in Bibliotheca deesset. Inscripsit Joannes Fejes
|
| 260 |
|
|
|a Leutschoviae,
|b Typis Joannis Werthmüller Regio-privil. Typographi
|c 1818
|
| 300 |
|
|
|a 20 s.
|c 8°. 18,5x11 cm
|
| 500 |
|
|
|a Linky ozdobné, typograf. ozdoby
|
| 501 |
|
|
|a Prív. 5. k: SOLENNIA VII. Neosolii 1816. 8°.
|
| 510 |
4 |
|
|a Petrik I/769; Hanakovič I/279; Rizner I/385; Telgársky-Banská II/3684.
|
| 561 |
|
|
|a Peč.: Štátna vedecká knižnica v Košiciach
|
| 653 |
1 |
|
|a evanjelická cirkev
|
| 653 |
1 |
|
|a knižnice
|
| 653 |
1 |
|
|a reformácia
|
| 653 |
1 |
|
|a vplyv knižníc
|
| 700 |
1 |
|
|a Okolicsányi, Mikuláš
|d 1833
|4 oth
|
| 710 |
0 |
|
|a Werthmüller, Ján
|c Levoča
|d 1815-1844
|4 prt
|
| 752 |
|
|
|a Slovensko
|d Levoča
|
| 852 |
|
|
|p I.101797 prív. 5.
|
| 904 |
|
|
|a a---y----fa------yyyb-1001--
|
| 905 |
|
|
|a dfgb1ab-
|5 -------
|
| 910 |
|
|
|a svkkk
|
| 997 |
|
|
|a Okolitsányi, Nicolaus p. Okolicsányi, Miklós
|4 oth
|
| 998 |
|
|
|a MALETL
|
| BAS |
|
|
|
| LKR |
|
|
|a UP
|b 12715
|l HIS01
|n Solennia VII.
|m De Merito
|